Football Players by Picture #2 - Statistics

General Stats
  • This quiz has been taken 72 times
  • The average score is 11 of 16
Answer Stats
Picture Answer % Correct
David Alaba
97%
Roberto Carlos
95%
Johan Cruyff
92%
George Best
88%
Cafu
86%
Jordan Henderson
86%
Mario Götze
86%
Raphinha
86%
Victor Boniface
66%
Jonathan David
63%
Pablo Zabaleta
58%
Antonio Valencia
52%
Yoane Wissa
43%
Gareth Barry
40%
João Palhinha
40%
Mario Lemina
37%
No matching quizzes found
Score Distribution
Percent of People with Each Score
Percentile by Number Answered
Your Score History
You have not taken this quiz